00813nam a22002417a 4500003001100000005001700011008004100028020001500069040003900084041000800123082001500131100002100146245008400167250001200251260003200263300006300295650002000358650005500378700002600433942000700459952009000466999001500556LK-CoMWRAF20231106172300.0231106b2000 |||||||| |||| 00| 0 eng d a0072282266 aLK-CoMWRAFdLK-CoMWRAFeLK-CoMWRAF aeng a361.3bSUP aSuppes, Mary Ann aThe social work experience: ban introduction to social work and social welfare a3rd ed. aBoston:bMcGraw-Hill,c2000 a xxii, 523 p. : ill. ; 26 cmbGlossary and index included. aSOCIAL SERVICES aSocial service--Vocational guidance--United States aWells, Carolyn Cressy cBK 00104070aMAINbMAINd2023-11-06l0o361.3 SUPpRAF1982r2023-11-06w2023-11-06yBK c4056d4056